|
|
|
|
| LEADER |
01422nam a22002777a 4500 |
| 001 |
37746 |
| 003 |
BD-DhAAL |
| 005 |
20260407125646.0 |
| 008 |
220217t1991 bg ||||| |||| 00| 0 ben d |
| 040 |
|
|
|a BD-DhAAL
|c BD-DhAAL
|
| 041 |
|
|
|a ben
|
| 082 |
|
|
|a 954.9205
|2 22
|
| 100 |
|
|
|a উজামান, হাসান.
|9 45883
|
| 245 |
|
|
|a বাংলাদেশের সমাজ ও মতাদর্শিক বিকাশ /
|c হাসান উজামান.
|
| 260 |
|
|
|a ঢাকা :
|b ইউনিভর্সিটি প্রেস লিমিটেড,
|c ১৯৯১.
|
| 300 |
|
|
|a ১৬০ পৃষ্ঠা :
|b চিএ ;
|c ২১ সে.মি.
|
| 504 |
|
|
|a গ্রন্থপঞ্জিগত নির্দেশিকা অন্তর্ভুক্ত ।
|
| 541 |
|
|
|a Complimentary copy from BIED
|e 37746
|
| 650 |
|
|
|a Bangladesh
|x History
|x Revolution
|y 1971.
|9 45884
|
| 650 |
|
|
|a বাংলাদেশ
|x ইতিহাস
|x মুক্তিযুদ্ধ
|y ১৯৭১.
|9 45885
|
| 650 |
|
|
|a Socialism.
|9 45886
|
| 650 |
|
|
|a সমাজতন্ত্র.
|9 45887
|
| 852 |
|
|
|a Ayesha Abed Library
|c BIED Collection
|
| 942 |
|
|
|2 ddc
|c BK
|
| 999 |
|
|
|c 43532
|d 43532
|
| 952 |
|
|
|0 0
|1 0
|2 ddc
|4 0
|6 954_920500000000000_UZZ
|7 0
|9 69829
|a BRACUL
|b BRACUL
|c GEN
|d 2022-02-17
|e Complimentary copy from BIED
|l 0
|o 954.9205 UZZ
|p 3010037746
|r 2024-12-05
|t 1
|w 2022-02-17
|y BK
|x Transferred from BIED to General Stacks
|